000 00578nam a2200193Ia 4500
005 20250508163109.0
008 008 250505s9999 xx 000 0 eng d
037 _aTextual
040 _aFEDL
_beng
_cFEDL
041 _aeng
_2eng
084 _a370.112, GOO
_qFEDL
100 _aGoodlad John I.
245 0 _aToward a mankind school : An adventure in humanistic education
260 _aNew York, USA
_bMcGraw Hill Book Company
_c1974
300 _axi,193p.
650 _aEducation-Philosophy
942 _cTEXL
_h370.112, GOO
999 _c1380810
_d1380810